000 00771nam a2200277Ia 4500
001 10632
005 20240113235231.0
007 ta
008 050804s1969 a g b000 u eng u
020 _cHB
040 _aCotton College Assam
041 _aeng
082 _a954.085
_bM 289 St
100 _aMajumdar, RC .
245 0 _aThe History and Culture of the Indian People: Struggle for Freedom /
_cRC Majumdar.
_hTextual Documents
250 _a1st ed. /
260 _aBombay :
_bBharatiya Vidya Bhavan ,
_c1969.
300 _axxxii, 1144p. :
_bill. ;
_c24cm .
504 _aIndex
653 _aHistory-India
653 _aHistory-Struggle for Freedom
653 _aCulture-India
942 _2ddc
_cBK
999 _c10619
_d10619